000 00397nam a2200145Ia 4500
008 230917s9999||||xx |||||||||||||| ||und||
040 _e80902
_aMAIN
041 _aEnglish
082 _a342.54 S38R
100 _aSrivastava, Dhirendra K
245 0 _aReligious freedom in India: a historical and constitutional study
260 _aNew Delhi
_bDeep & Deep
_c1982
300 _a339 p.
942 _cBK
999 _c77627
_d77627